LEADER 02463nam 2200625 450 001 9910456238903321 005 20200520144314.0 010 $a1-58053-654-9 035 $a(CKB)111087028224076 035 $a(EBL)227613 035 $a(OCoLC)70741960 035 $a(SSID)ssj0000261059 035 $a(PQKBManifestationID)11213504 035 $a(PQKBTitleCode)TC0000261059 035 $a(PQKBWorkID)10224896 035 $a(PQKB)11350875 035 $a(MiAaPQ)EBC227613 035 $a(Au-PeEL)EBL227613 035 $a(CaPaEBR)ebr10081984 035 $a(CaBNVSL)mat09100384 035 $a(IEEE)9100384 035 $a(EXLCZ)99111087028224076 100 $a20200729d2003 uy 101 0 $aeng 135 $aurcn||||||||| 181 $ctxt 182 $cc 183 $acr 200 10$aTraffic analysis and design of wireless IP networks /$fToni Janevski 210 1$aBoston :$cArtech House,$dİ2003. 210 2$a[Piscataqay, New Jersey] :$cIEEE Xplore,$d[2003] 215 $a1 online resource (384 p.) 225 1 $aMobile communications series 300 $aDescription based upon print version of record. 311 $a1-58053-331-0 320 $aIncludes bibliographical references and index. 327 $aMachine generated contents note: 1. Introduction -- 2. Third Generation Wireless Mobile Communications and Beyond -- 3. Wireless Mobile Internet -- 4. Teletraffic Theory -- 5. 330 8 $aAnnotation Here's a unique new book that focuses on the future direction in wireless/mobile telecommunications as a standalone concept for building wireless IP systems, including commercial, campus, local, and global networks. It examines the integration of the Internet and mobile networks, which are merging as a result of global demand for seamless mobile communication. 410 0$aArtech House mobile communications series. 606 $aWireless communication systems 606 $aTelecommunication$xTraffic 606 $aMobile communication systems 608 $aElectronic books. 615 0$aWireless communication systems. 615 0$aTelecommunication$xTraffic. 615 0$aMobile communication systems. 676 $a621.382/15 700 $aJanevski$b Toni$0947778 801 0$bCaBNVSL 801 1$bCaBNVSL 801 2$bCaBNVSL 906 $aBOOK 912 $a9910456238903321 996 $aTraffic analysis and design of wireless IP networks$92258298 997 $aUNINA LEADER 01920nam 2200505I 450 001 9910707157803321 005 20160610083432.0 035 $a(CKB)5470000002461919 035 $a(OCoLC)948197201 035 $a(EXLCZ)995470000002461919 100 $a20160428j199801 ua 0 101 0 $aeng 135 $aurbn||||||||| 181 $ctxt$2rdacontent 182 $cc$2rdamedia 183 $acr$2rdacarrier 200 10$aMultimodal perception and multicriterion control of nested systems$hI$iCoordination of postural control and vehicular control /$fGary E. Riccio and P. Vernon McDonald 210 1$aHouston, Texas :$cNational Aeronautics and Space Administration, Lyndon B. Johnson Space Center,$dJanuary 1998. 215 $a1 online resource (v, 66 pages) $cillustrations 225 1 $aNASA/TP ;$v3703 300 $aTitle from title screen (viewed April 28, 2016). 300 $a"January 1998." 300 $a"Performing organization: Lyndon B. Johnson Space Center, Houston, Texas"--Report documentation page. 320 $aIncludes bibliographical references (pages 44-66). 517 3 $aCoordination of postural control and vehicular control 606 $aEcosystems$2nasat 606 $aAircraft control$2nasat 606 $aSystems engineering$2nasat 606 $aPosture$2nasat 606 $aCoordination$2nasat 615 7$aEcosystems. 615 7$aAircraft control. 615 7$aSystems engineering. 615 7$aPosture. 615 7$aCoordination. 700 $aRiccio$b Gary Edward$f1954-$01398069 702 $aMcDonald$b P. Vernon$f1961- 712 02$aLyndon B. Johnson Space Center, 712 02$aUnited States.$bNational Aeronautics and Space Administration, 801 0$bGPO 801 1$bGPO 906 $aBOOK 912 $a9910707157803321 996 $aMultimodal perception and multicriterion control of nested systems$93460668 997 $aUNINA